| 000 | 00445nam a2200133Ia 4500 | ||
|---|---|---|---|
| 008 | 231129s9999||||xx |||||||||||||| ||spa|| | ||
| 020 | _a84-7232-550-4 | ||
| 040 | _bspa | ||
| 082 | _a346.04472 M541a (EN PROCESO DE DESCARTE) Ej.2 | ||
| 100 | _aMenegus Bornemann Margarita | ||
| 245 | 0 | _aEl agrarismo de la revolucion mexicana | |
| 264 | _aMadrid EspaƱa: Ediciones de Cultura Hispanica | ||
| 942 |
_2ddc _cBKS |
||
| 999 |
_c10104 _d10104 |
||